000 00460nam a2200181Ia 4500
001 38438
008 140422s9999 xx 000 0 und d
020 _a9780195475081
040 _cPK-LaUMT
082 _a 297.4
_bKHA-T
100 _aKhaleeq Ahmad Nizami
245 _aTareekh masha'ekh-e-chishat (urdu)
_cKhaleeq Ahmad Nizami
260 _aOxford,USA:
_bOxford University Press,
_c2007
300 _a273 p.
505 _g1
546 _aUR
942 _cBK
999 _c37774
_d37774